<?xml version="1.0" encoding="UTF-8"?>
<record
    xmlns:xsi="http://www.w3.org/2001/XMLSchema-instance"
    xsi:schemaLocation="http://www.loc.gov/MARC21/slim http://www.loc.gov/standards/marcxml/schema/MARC21slim.xsd"
    xmlns="http://www.loc.gov/MARC21/slim">

  <leader>00729cam5a220020500 4500</leader>
  <controlfield tag="001">tmp15831164</controlfield>
  <controlfield tag="003">UPRA</controlfield>
  <controlfield tag="005">20190822104553.0</controlfield>
  <controlfield tag="008">951106s1962    ja                  eng u</controlfield>
  <datafield tag="035" ind1=" " ind2=" ">
    <subfield code="a">(Sirsi) r93386</subfield>
  </datafield>
  <datafield tag="035" ind1=" " ind2=" ">
    <subfield code="a">(UPRA)tmp15831164</subfield>
  </datafield>
  <datafield tag="040" ind1=" " ind2=" ">
    <subfield code="c">UPRA</subfield>
  </datafield>
  <datafield tag="110" ind1="1" ind2=" ">
    <subfield code="b">Gaimusho.</subfield>
    <subfield code="b">Joho Bunkakyoku.</subfield>
    <subfield code="6">A52135.1</subfield>
  </datafield>
  <datafield tag="245" ind1="1" ind2="4">
    <subfield code="a">The Japan of today.</subfield>
  </datafield>
  <datafield tag="260" ind1=" " ind2=" ">
    <subfield code="a">[Tokyo :</subfield>
    <subfield code="b">Public Information &amp; Cultural Affairs Bureau : Ministry of Foreign Affairs,</subfield>
    <subfield code="b">Public Information &amp; Cultural Affairs Bureau : Ministry of Foreign Affairs,</subfield>
    <subfield code="c">[1962]</subfield>
  </datafield>
  <datafield tag="651" ind1=" " ind2="0">
    <subfield code="a">Japan -- Description and travel.</subfield>
    <subfield code="x">Japan -- Description and travel.</subfield>
    <subfield code="6">S28943.1</subfield>
  </datafield>
  <datafield tag="949" ind1=" " ind2=" ">
    <subfield code="a">DS811</subfield>
    <subfield code="w">lcc</subfield>
    <subfield code="m">MAIN</subfield>
    <subfield code="t">BOOK</subfield>
    <subfield code="l">ON-SHELF</subfield>
  </datafield>
  <controlfield tag="004">93386</controlfield>
  <datafield tag="987" ind1=" " ind2=" ">
    <subfield code="a">WITHDRAWN</subfield>
  </datafield>
  <datafield tag="999" ind1=" " ind2=" ">
    <subfield code="c">130741</subfield>
    <subfield code="d">130741</subfield>
  </datafield>
</record>
